000
00495nam a2200145Ia 4500
008
151213s9999 xx 000 0 und d
100
_a
শ্রীশচন্দ্র দাশ।
245
_a
সাহিত্য - সন্দর্শন।
_c
শ্রীশচন্দ্র দাশ।
260
_a
কলিকাতা
_c
1957
300
_a
8512 p.
650
_a
Bangla
650
_a
Bengali Literature
700
_a
শ্রীশচন্দ্র দাশ।
999
_c
4349
_d
4349